000 01031nam a22003257a 4500
003 CHAP
005 20220817042519.0
008 971013s1952 r 00010 d
010 _a46852
011 _a47824
035 _a51967
040 _cCHAP
082 _a633.15
_bF3
110 _aFAO
245 _aResults of co-operative hybrid maize tests in European and Mediterranea countries, 1950 a progress report
260 _aRome :
_bFAO,
_c1952
300 _a43 p.
490 _aFAO. Cuadernos de fomento
_v; 31
590 _aBATCH-UPD
_b10
_c20130110
_lUCH01
_h0231
590 _aBATCH-UPD
_b10
_c20130110
_lUCH01
_h1722
590 _aBATCH-UPD
_b10
_c20130409
_lUCH01
_h2254
590 _aBATCH-UPD
_b10
_c20130914
_lUCH01
_h1347
590 _aCONVERSION
_b10
_c20130109
_lUCH01
_h1326
650 1 4 _aMaíz
_xHíbridos.
_970974
700 0 _aJugenheimer, Robert W.
_962282
830 0 _aFAO. Cuadernos de fomento
_v; 31
_939506
901 _aBK
942 _cLIBRO
949 _a633.15 F3
_bBC
_cFAO
_d-116040
_eFAO1
_h22223
_i51967
_si
999 _c46852
_d46852